| Tag |
First Indicator |
Second Indicator |
Subfields |
| LEADER |
00000cam a22000008i 4500 |
| 001 |
in00005619128 |
| 008 |
241102t20252025nyu b 000 0deng |
| 005 |
20250502132402.6 |
| 010 |
|
|
|a 2024041821
|
| 035 |
|
|
|a (OCoLC)on1468980139
|
| 040 |
|
|
|a DLC
|e rda
|c DLC
|d TXA
|
| 020 |
|
|
|a 9781250284273
|q (hardcover)
|
| 020 |
|
|
|a 1250284279
|
| 020 |
|
|
|z 9781250284280
|q (ebook)
|
| 035 |
|
|
|a (OCoLC)1468980139
|
| 050 |
0 |
0 |
|a RC569.5.M83
|b D85 2025
|
| 082 |
0 |
0 |
|a 616.85/8223
|2 23/eng/20241114
|
| 100 |
1 |
|
|a Dunlop, Andrea,
|e author.
|
| 245 |
1 |
4 |
|a The mother next door :
|b medicine, deception, and Munchausen by proxy /
|c Andrea Dunlop and Mike Weber.
|
| 250 |
|
|
|a First edition.
|
| 264 |
|
1 |
|a New York :
|b St. Martin's Press,
|c [2025].
|
| 264 |
|
4 |
|c ©2025.
|
| 300 |
|
|
|a xxx, 272 pages ;
|c 24 cm.
|
| 336 |
|
|
|a text
|b txt
|2 rdacontent
|
| 337 |
|
|
|a unmediated
|b n
|2 rdamedia
|
| 338 |
|
|
|a volume
|b nc
|2 rdacarrier
|
| 504 |
|
|
|a Includes bibliographical references.
|
| 505 |
0 |
|
|a Meet Hope -- Saving Sophia -- Meet Mike Weber -- The investigation begins -- A family divided -- Poison -- The interview -- The arrest -- Aftermath -- What happened to Alyssa? -- Fooling no one -- "Unable to determine" -- The turn -- The trial -- Reason to believe -- After the fall -- When Mary met Doug -- Jane Justin -- Turning Doug -- "Nurse" Mary -- A tangled web -- Minnesota -- A seismic shift.
|
| 520 |
|
|
|a A groundbreaking work of narrative nonfiction that investigates Munchausen by Proxy from the host and creator of the award-winning true crime podcast Nobody Should Believe Me. No bond is more sacred than that between a mother and child. And no one is more sympathetic than a mother whose child faces a life-threatening illness. But what if the mother is the cause of the illness? What if the sympathy is the point? Munchausen by proxy (MBP) has fascinated and horrified both professionals and the general public since this disturbing form of child abuse was first identified. But even as the public has been captivated by these tales of abuse and deception, there remains widespread misinformation and confusion about MBP. Are these mothers unfeeling psychopaths, or sick women who need help? And more important, how can we protect the children whose lives are at stake? The Mother Next Door offers a groundbreaking look at MBP from an unlikely duo, a Seattle novelist whose own family was torn apart by it, and the Texas detective who has worked on more medical child abuse cases than anyone in the nation. Readers ride along on three high-stakes MPB investigations. Through riveting reporting and shocking stories from the family members, friends and doctors caught in the blast zone of these unthinkable acts, a twisted portrait of motherhood and deceit is revealed. With help from some of the top MBP experts in the world, Dunlop and Weber uncover the complex maze of psychological, systemic and cultural issues that compound MBP and offer solutions for how we might find our way out.
|
| 650 |
|
0 |
|a Munchausen syndrome by proxy
|z United States.
|
| 650 |
|
0 |
|a Child abuse
|x Investigation
|z United States.
|
| 600 |
1 |
0 |
|a Weber, Mike,
|d 1964-
|
| 700 |
1 |
|
|a Weber, Mike,
|d 1964-
|e author.
|
| 948 |
|
|
|a dmitchel 5/2/25 8.20.10
|
| 994 |
|
|
|a Z0
|b TXA
|
| 999 |
f |
f |
|s c827691d-bd0a-42a4-af87-2522e2a67b92
|i c0be1eb0-ec7e-4d2c-a8f6-c00b9ad710bc
|t 0
|
| 952 |
f |
f |
|p 30_day
|a Texas A&M University
|b College Station
|c Sterling C. Evans Library
|d Evans Bestseller Collection
|t 0
|e RC569.5.M83 D85 2025
|h Library of Congress classification
|i unmediated -- volume
|m A14852717850
|
| 952 |
f |
f |
|p 30_day
|a Texas A&M University
|b Galveston Campus
|c Jack K. Williams Library
|d Galveston Bestseller Collection
|t 0
|e RC569.5.M83 D85 2025
|h Library of Congress classification
|i unmediated -- volume
|m A14852717868
|
| 998 |
f |
f |
|a RC569.5.M83 D85 2025
|t 0
|l Evans: Library Stacks
|
| 998 |
f |
f |
|a RC569.5.M83 D85 2025
|t 0
|l Galveston Stacks
|